Materská škola

Guardado en:
Detalles Bibliográficos
Autor principal: Kmeťová, Aurélia (Autor)
Otros Autores: Šimkovičová, Vladimíra (Orientador)
Formato: Manuscrito Libro
Lenguaje:eslovaco
Publicado: 2023
Materias:
Acceso en línea:http://is.stuba.sk/zp/portal_zp.pl?podrobnosti=150063
https://opac.crzp.sk/?fn=detailBiblioForm&sid=0A15AC6E5E2ED0F3D4D2C6342BCF
Etiquetas: Agregar Etiqueta
Sin Etiquetas, Sea el primero en etiquetar este registro!

MARC

LEADER 00000ntm a22000003a 4500
001 stuzp88927
003 SK-STU
005 20230919095308.4
007 ta
008 150427s2015----xo-----f-mn---000-0-slo-d
040 |a STU  |b slo 
041 0 |a slo 
100 1 |a Kmeťová, Aurélia  |u 010310  |4 aut  |U SvF Stavebná fakulta  |T SvF Katedra architektúry  |X 98416  |U V181|V310  |Y 19  |7 98416 
242 0 1 |a Kindergarden  |y eng 
245 1 0 |a Materská škola 
260 |c 2023 
650 4 |a Prievidza  |2 slo 
650 4 |a materská škola  |2 slo 
650 4 |a vzdelávacie prostredie  |2 slo 
650 4 |a herňa  |2 slo 
650 4 |a detské ihrisko  |2 slo 
650 4 |a Prievidza  |2 eng 
650 4 |a kindergarten  |2 eng 
650 4 |a educational environment  |2 eng 
650 4 |a playroom  |2 eng 
650 4 |a children´s playground  |2 eng 
700 1 |a Šimkovičová, Vladimíra  |u 010310  |k Z8  |4 ths  |U SvF Stavebná fakulta  |T SvF Katedra architektúry  |X 649  |U V181|V310  |Y 19  |7 A000000649 
856 4 |u http://is.stuba.sk/zp/portal_zp.pl?podrobnosti=150063 
856 4 |u https://opac.crzp.sk/?fn=detailBiblioForm&sid=0A15AC6E5E2ED0F3D4D2C6342BCF